| 000 | 01120cam a22002531i 4500 | ||
|---|---|---|---|
| 003 | SA-RiAUC | ||
| 005 | 20250617062635.0 | ||
| 008 | 250613s1967 su g 00010 ara c | ||
| 040 |
_aSA-RiAUC _bara _cSA-RiAUC _erda |
||
| 082 | 0 | 4 |
_a234 _qSA-RiAUC |
| 090 |
_a234 _b ذ هـ ب |
||
| 100 | 1 |
_aالذهبي، محمد بن أحمد بن عثمان، _d673-748 هجري _eمؤلف. |
|
| 245 | 1 | 0 |
_aديوان الضعفاء والمتروكين وخلق من المجهولين وتقات فيهم لين / _cتحقيق حماد بن محمد الأنصاري. |
| 264 | 1 |
_aمكة المكرمة : _bمكتبة النهضة الحديثة، _c1967 |
|
| 300 |
_a376 صفحة ؛ _c24 سم |
||
| 336 |
_aنص _btxt _2rdacontent _3كتاب |
||
| 337 |
_aبدون وسيط _bn _2rdamedia |
||
| 338 |
_aمجلد _bnc _2rdacarrier |
||
| 562 | _aنسخة عن المخطوطة محمد الديوي. | ||
| 650 | 7 |
_aالحديث _xالجرح والتعديل _2aucsh |
|
| 700 | 1 |
_aالأنصاري، حماد بن محمد، _d1343-1418 هجري _eمحقق. |
|
| 942 |
_2ddc _cBOOK _n0 |
||
| 949 |
_aSA-JeALM _d250613 _umohamedma123 _n1 |
||
| 999 |
_c9060 _d9060 |
||